000 00763nam a22002537a 4500
003 URS
005 20250828100516.0
008 250408b ||||| |||| 00| 0 eng d
020 _a9786218064317
040 _cURS
050 _aPL6051
_b.D37 2017
100 _912192
_aDelima, Purificacion G.
245 _aFilipino
_b: the national language of education
264 _aMaynila
_bKomisyon sa Wikang Filipino
_c©2017
300 _a67 pages.,:
336 _2rdacontent
_atext
337 _2rdamedia
_aunmediated
338 _2rdacarrier
_avolume
650 0 _9652
_aFilipino language
650 0 _94746
_aFilipino language
_xStudy and teaching
650 0 _9652
_aFilipino language
_xHistory and criticism.
700 1 _94033
_aKilates, Marne
942 _2lcc
_cF
999 _c85098
_d85096